La commedia dell'arte: vue a travers le Zibaldone de Pérouse

Gespeichert in:
Bibliographische Detailangaben
1. Verfasser: Thérault, Suzanne (VerfasserIn)
Format: Buch
Sprache:Spanisch
Veröffentlicht: París Editions du Centre National de la Recherche Scientifique 1965
Schriftenreihe:Collection le choeur des muses
Schlagworte:
Tags: Tag hinzufügen
Keine Tags, Fügen Sie den ersten Tag hinzu!

MARC

LEADER 00000nam a2200000 a 4500
001 UCV9310
003 CL-VaPUC
008 920806e19650000FR |||||||||||||||||spa|d
082 0 4 |a 852  |b THE  |2 21 
100 0 |a Thérault, Suzanne  |e author  |9 303310 
245 1 3 |a La commedia dell'arte: vue a travers le Zibaldone de Pérouse 
300 |a 308 p 
942 |c BK 
945 |d 19920806 00:00:00 
260 |a París  |b Editions du Centre National de la Recherche Scientifique  |c 1965 
650 7 |a DRAMAS ITALIANOS  |2 CL-VaPUC  |9 303311 
583 |a last modification  |c 20120524 12:27:22  |k Rodrigo Vera 
490 0 |a Collection le choeur des muses 
999 |c 214671  |d 214669 
952 |0 0  |1 0  |4 0  |6 852_000000000000000_THE_1965  |7 0  |8 P  |9 198293  |a BIBARQ  |b BIBARQ  |d 2019-11-14  |i 2657953  |o 852 THE 1965  |p 2657953  |r 2025-01-20  |w 2019-11-14  |y BK  |k ARQ 
952 |0 0  |1 0  |4 0  |6 852_000000000000000_THE_1965  |7 0  |8 A  |9 198294  |a BIBART  |b BIBART  |d 2019-11-14  |i 120789K  |o 852 THE 1965  |p 120789K  |r 2025-03-13  |w 2019-11-14  |y BK  |k ART